| Tag |
First Indicator |
Second Indicator |
Subfields |
| LEADER |
00000cam a2200000 a 4500 |
| 001 |
in00000975021 |
| 005 |
20150927112901.0 |
| 008 |
910507s1990 bcc b 001 0 eng |
| 010 |
|
|
|a 91149932
|
| 020 |
|
|
|a 088878287X :
|c $24.95
|
| 035 |
|
|
|a (OCoLC)24504316
|
| 035 |
|
|
|9 AEW5274AM
|
| 040 |
|
|
|a DLC
|c DLC
|d TXA
|d UtOrBLW
|
| 043 |
|
|
|a n-cn---
|a a------
|
| 049 |
|
|
|a TXAM
|
| 050 |
0 |
0 |
|a HD316
|b .G88 1990
|
| 082 |
0 |
0 |
|a 332.63/24/0971
|2 20
|
| 100 |
1 |
|
|a Gutstein, Donald.
|
| 245 |
1 |
4 |
|a The new landlords :
|b Asian investment in Canadian real estate /
|c Donald Gutstein.
|
| 264 |
|
1 |
|a Victoria :
|b Porcépic Books,
|c 1990.
|
| 300 |
|
|
|a 259 pages :
|b illustrations ;
|c 24 cm.
|
| 336 |
|
|
|a text
|b txt
|2 rdacontent
|
| 337 |
|
|
|a unmediated
|b n
|2 rdamedia
|
| 338 |
|
|
|a volume
|b nc
|2 rdacarrier
|
| 504 |
|
|
|a Includes bibliographical references (pages 235-250) and index.
|
| 650 |
|
0 |
|a Real property
|z Canada
|x Foreign ownership.
|
| 650 |
|
0 |
|a Investments, Asian
|z Canada.
|
| 999 |
|
|
|a MARS
|
| 999 |
f |
f |
|s 6c950594-e170-363f-bf7e-b8f2571dcf13
|i bb80fe05-c5db-39cc-bdeb-8bb3e64dab5c
|t 0
|
| 952 |
f |
f |
|p ric
|a Texas A&M University
|b Rellis Campus
|c Joint Library Facility
|d Remote Storage
|t 0
|e HD316 .G88 1990
|h Library of Congress classification
|i unmediated -- volume
|m A14815399819
|
| 998 |
f |
f |
|a HD316 .G88 1990
|t 0
|l Remote Storage
|